| 000 | 00777cam a22002655a 4500 | ||
|---|---|---|---|
| 001 | 016383261 | ||
| 003 | OSt | ||
| 005 | 20201128023955.0 | ||
| 008 | 130529t2014 enka frbd 001 0 eng d | ||
| 020 | _a9780273789963 | ||
| 020 | _a0273789961 | ||
| 040 |
_aStDuBDS _beng _cStDuBDS _dUk _dEG-ScBUE |
||
| 082 | 0 | 4 |
_a330 _222 _bPAR |
| 100 | 1 |
_aParkin, Michael, _d1939- _929101 |
|
| 245 | 1 | 0 |
_aEconomics / _cMichael Parkin. |
| 250 | _a11th ed., Global ed. | ||
| 260 |
_aHarlow : _bPearson Education Limited, _cc.2014. |
||
| 300 |
_a1 v. (various pagings) : _bill. ; _c28 cm. |
||
| 500 | _aIncludes glossary. | ||
| 504 | _aIncludes bibliographical references and index. | ||
| 650 | 7 |
_aEconomics. _2BUEsh _9720 |
|
| 651 | _2BUEsh | ||
| 653 |
_bBUSADM _cNovember2016 |
||
| 942 | _2ddc | ||
| 999 |
_c22995 _d22967 |
||